| 000 | 00854nam a2200241 a 4500 | ||
|---|---|---|---|
| 001 | 28557 | ||
| 003 | BD-RjUL | ||
| 005 | 20211209051310.0 | ||
| 008 | 140331s1969 ii a b f001 0 eng d | ||
| 035 | _a(BD-RjUL)28638 | ||
| 040 |
_aLC _beng _cLC _dANL _dBD-RjUL |
||
| 041 | _aeng | ||
| 082 | 0 | 0 |
_a954.035092 _220 _bGAC V-33 1969 |
| 100 | 1 |
_aGandhi, _d1869-1948. _982549 |
|
| 245 | 1 | 4 |
_aThe collected works of Mahatma Gandhi / _cMahatma Gandhi. _nVolume XXXIII : _pJanuary-June 1927. |
| 260 |
_aNew Delhi : _bPublications Division, Ministry of Information and Broadcasting, Govt. of India, _c1969. |
||
| 300 |
_avarious pages : _bill.; _c25 cm. |
||
| 504 | _aIncludes bibliographical references and index. | ||
| 600 | 0 | 0 |
_aGandhi, _cMahatma, _d1869-1948 _xCorrespondence. _987487 |
| 942 |
_2ddc _cBK |
||
| 999 |
_c28557 _d28557 |
||